[Event "St Louis Fall A 2022"]
[Site "Saint Louis USA"]
[Date "2022.11.10"]
[Round "9.2"]
[White "Nguyen, Thai Dai Van"]
[Black "Hakobyan, Aram"]
[Result "1/2-1/2"]
[WhiteTitle "GM"]
[BlackTitle "GM"]
[WhiteElo "2645"]
[BlackElo "2613"]
[WhiteFideId "358878"]
[BlackFideId "13306677"]
[EventDate "2022.11.02"]

1. Nf3 d5 2. d4 Nf6 3. c4 e6 4. Nc3 Bb4 5. Bg5 h6 6. Bxf6 Qxf6 7. Qb3 c5 8. cxd5
exd5 9. dxc5 Bxc3+ 10. Qxc3 Qxc3+ 11. bxc3 Na6 12. Rd1 Be6 13. e4 dxe4 14. Bxa6
bxa6 15. Nd4 Rc8 16. c6 Bxa2 17. Ra1 Bc4 18. Kd2 O-O 19. Ke3 Bb5 20. Rhc1 f5 21.
g3 g5 22. c4 Bxc6 23. Rxa6 Bd5 24. c5 f4+ 25. gxf4 gxf4+ 26. Kd2 e3+ 27. fxe3 f3
28. Rg1+ Kh7 29. Rxa7+ Kh8 30. Ra6 Rc7 31. Rxh6+ Rh7 32. Rxh7+ Kxh7 33. Nxf3
Rxf3 34. Kd3 Rh3 35. Kd4 Bc6 36. Rb1 Rxh2 37. Rb6 Rh6 38. Rxc6 Rxc6 39. Kd5 Rc8
40. c6 Kg6 41. Kd6 Kf5 42. c7 Ke4 43. Kd7 Rxc7+ 44. Kxc7 Kxe3 1/2-1/2

[Event "St Louis Fall A 2022"]
[Site "Saint Louis USA"]
[Date "2022.11.10"]
[Round "9.3"]
[White "Abasov, Nijat"]
[Black "Theodorou, Nikolas"]
[Result "0-1"]
[WhiteTitle "GM"]
[BlackTitle "GM"]
[WhiteElo "2646"]
[BlackElo "2598"]
[WhiteFideId "13402960"]
[BlackFideId "4262875"]
[EventDate "2022.11.02"]

1. d4 d5 2. c4 e6 3. Nc3 c5 4. cxd5 cxd4 5. Qa4+ Bd7 6. Qxd4 exd5 7. Qxd5 Nf6 8.
Qg5 Nc6 9. Bd2 h6 10. Qg3 Bc5 11. Rc1 O-O 12. Nh3 Nd4 13. e3 Re8 14. Qh4 Bc6 15.
Nb5 Nf5 16. Qf4 Ne4 17. Rd1 Nxf2 18. Nxf2 Nxe3 19. Bxe3 Qa5+ 20. Nc3 Bxe3 21.
Qg4 h5 22. Qc4 Qf5 23. Nd3 Rad8 24. Be2 Bxg2 25. Rf1 Bxf1 26. Bxf1 Qf3 27. a4 a5
28. Qb5 Bg5+ 29. Ne2 Qe3 0-1

[Event "St Louis Fall A 2022"]
[Site "Saint Louis USA"]
[Date "2022.11.10"]
[Round "9.4"]
[White "Niemann, Hans Moke"]
[Black "Ganguly, Surya Shekhar"]
[Result "1/2-1/2"]
[WhiteTitle "GM"]
[BlackTitle "GM"]
[WhiteElo "2699"]
[BlackElo "2589"]
[WhiteFideId "2093596"]
[BlackFideId "5002150"]
[EventDate "2022.11.02"]

1. e4 e5 2. Nf3 Nc6 3. Bb5 Nf6 4. d3 Bc5 5. Bxc6 dxc6 6. Nbd2 Be6 7. O-O Qd6 8.
b3 a5 9. a3 Nd7 10. Ng5 a4 11. Nxe6 Qxe6 12. Bb2 axb3 13. cxb3 O-O 14. b4 Be7
15. Qc2 Nb6 16. Nb3 Na4 17. Bc1 c5 18. bxc5 Bxc5 19. Nxc5 Qc6 20. Be3 b6 21.
Rfc1 bxc5 22. Bxc5 Rfd8 23. Bb4 Qxc2 24. Rxc2 Ra7 25. Rd1 f6 26. Kf1 c5 27. Bxc5
Nxc5 28. Rxc5 Rxa3 29. Ke2 Rd7 30. h4 Kf7 31. g3 Ke6 32. Rc6+ Kf7 33. h5 h6 34.
f4 Ra2+ 35. Rd2 Ra3 36. Ke3 Rb3 37. Ra6 Rc3 38. Rd1 Rb3 39. fxe5 fxe5 40. Rg6
Ra3 41. g4 Rb3 42. g5 hxg5 43. Rxg5 Kf6 44. Rg3 Ke6 45. Kd2 Rb2+ 46. Kc3 Rh2 47.
Rg6+ Kf7 48. Rdg1 Kf8 49. R6g5 Rc7+ 50. Kb3 Rd2 51. R1g3 Rd1 52. Rf5+ Kg8 53. h6
Rb1+ 54. Ka2 Rb6 55. Rxg7+ Rxg7 56. hxg7 Rd6 57. Rxe5 Rxd3 58. Rg5 Rd4 59. Rg4
Rb4 60. Ka3 Rb7 1/2-1/2

[Event "St Louis Fall A 2022"]
[Site "Saint Louis USA"]
[Date "2022.11.10"]
[Round "9.5"]
[White "Vidit, Santosh Gujrathi"]
[Black "Nyzhnyk, Illya"]
[Result "1-0"]
[WhiteTitle "GM"]
[BlackTitle "GM"]
[WhiteElo "2724"]
[BlackElo "2687"]
[WhiteFideId "5029465"]
[BlackFideId "14118084"]
[EventDate "2022.11.02"]

1. d4 d5 2. c4 c6 3. Nf3 Nf6 4. e3 Bf5 5. Nc3 e6 6. Nh4 Be4 7. f3 Bg6 8. Bd2 Be7
9. Nxg6 hxg6 10. Qc2 Nbd7 11. O-O-O a6 12. Kb1 dxc4 13. Bxc4 c5 14. g4 cxd4 15.
exd4 Nb6 16. Bb3 Rc8 17. Qd3 Nbd5 18. Nxd5 Nxd5 19. f4 Qd7 20. f5 gxf5 21. gxf5
exf5 22. Rde1 Nf6 23. Re5 Kf8 24. Rxf5 Rh4 25. Bc3 Bd6 26. Rhf1 Rxh2 27. a3 Qe7
28. Re1 Qd7 29. Ref1 Qe7 30. Qf3 Re8 31. Bd5 b5 32. Bc6 b4 33. axb4 Rb8 34. Re1
Qa7 35. Rxf6 gxf6 36. Qxf6 Be7 37. Qf4 Rh7 38. d5 Rd8 39. d6 1-0